000 00676cam a22002411 4500
001 sa 68020790
003 DLC
005 20260227112727.0
008 940809s1965 ii 000 0 sndo
010 _asa 68020790
025 _aPL480:I-Si-366
035 _a(OCoLC)30912856
040 _aDLC
_cCU
_dCU
_dDLC
042 _apremarc
050 0 0 _aDS480.85
_b.S445
100 1 _aSharma, Vishnu,
_d1894-
245 1 0 _aAmara vīratā je rāha meṃ: Bhārata jā joṅgī juvāna.
260 _c1965.
300 _a34 p.
_c19 cm.
440 0 _aDevanāgarī Sindhī sāhitya mālā ;
_v57
500 _aIn Sindhi.
650 0 _aSino-Indian Border Dispute, 1957-
_vAnecdotes.
999 _c89588
_d89588